| 000 | 00977nam a22003137a 4500 | ||
|---|---|---|---|
| 003 | CHAP | ||
| 005 | 20220329134434.0 | ||
| 008 | 971013s1946 r 00010 d | ||
| 010 | _a20498 | ||
| 011 | _a21470 | ||
| 035 | _a25560 | ||
| 040 | _cCHAP | ||
| 090 | _aTesis | ||
| 100 | 0 | 0 |
_aArguello Castañeda, Francisco. _97012 |
| 245 | _aProblemas económicos del algodón | ||
| 260 |
_aMéxico, D.F., : _bEl autor, _c1946 |
||
| 300 | _a246 p | ||
| 500 | _aPublicada también como libro | ||
| 502 | _aTesis (Lic. en Economía) -- UNAM. Escuela Nacional de Economía | ||
| 590 |
_aALEPH _b10 _c20130110 _lUCH01 _h1244 |
||
| 590 |
_aBATCH-UPD _b10 _c20130110 _lUCH01 _h2203 |
||
| 590 |
_aBATCH-UPD _b10 _c20130410 _lUCH01 _h1509 |
||
| 590 |
_aBATCH-UPD _b10 _c20130914 _lUCH01 _h2118 |
||
| 590 |
_aCONVERSION _b10 _c20130109 _lUCH01 _h1312 |
||
| 650 | 1 | 4 |
_aAlgodon _xAspectos economicos _xMexico. _93974 |
| 901 | _aBK | ||
| 942 | _cTESIS | ||
| 949 |
_bBC _cTES _d-58910 _eTS1 _i25560 _si |
||
| 999 |
_c20498 _d20498 |
||